logo

Bir Sreshtho Munshi Abdur Rouf Library
Jhenaidah Cadet College

বাংলার এক মধ্যবিত্তের আত্মকাহিনী / (Record no. 5397)

MARC details
000 -LEADER
fixed length control field 00704nam a2200205 a 4500
001 - CONTROL NUMBER
JCCL Control Number 5397
003 - CONTROL NUMBER IDENTIFIER
JCCL marc code BD-JhCC
005 - DATE AND TIME OF LATEST TRANSACTION
control field 20171213190625.0
008 - FIXED-LENGTH DATA ELEMENTS--GENERAL INFORMATION
fixed length control field 171213s1979 bg |||| ||a| 000 0 ben d
035 ## - SYSTEM CONTROL NUMBER
system control number (BD-JhCC) 5397
040 ## - CATALOGING SOURCE
Original cataloging agency BD-JhCC
Modifying agency BD-JhCC
041 ## - LANGUAGE CODE
Language code of Book ben
082 ## - DEWEY DECIMAL CLASSIFICATION NUMBER
Classification number 891.4409
Author mark and Year AHM 1979
100 ## - MAIN ENTRY--PERSONAL NAME
Personal name আহমদ, কামরুদ্দীন
245 ## - TITLE STATEMENT
Title বাংলার এক মধ্যবিত্তের আত্মকাহিনী /
Statement of responsibility, etc কামরুদ্দীন আহমদ
260 ## - PUBLICATION, DISTRIBUTION, ETC. (IMPRINT)
Place of publication, distribution, etc ঢাকা :
Name of publisher, distributor, etc প্রভিন্সিয়াল বুক ডিপো ঢাকা ,
Date of publication, distribution, etc 1979
300 ## - PHYSICAL DESCRIPTION
Pagination 440 p .:
Dimensions 23 cm .
942 ## - ADDED ENTRY ELEMENTS (KOHA)
Source of classification or shelving scheme Dewey Decimal Classification
Koha item type Books
Holdings
Source of classification or shelving scheme Damaged status Not for loan Home library Current library Shelving location Date of accession Cost, normal purchase price Total Checkouts Full call number Barcode Date last seen Copy number Koha item type
Dewey Decimal Classification     JCC Rouf Library JCC Rouf Library General Stacks 12/13/2017 30.00   891.4409 AHM 1979 7532 12/13/2017 C-1 Books

JCC Library | Contacts | JCC Home

Last Update on 23 September 2017
Copyright @ 2017-2020 JCC Rouf Library
Rouf Library, Jhenidah Cadet College (JCC), Bangladesh